000
00286nam a2200121Ia 4500
008
190216s9999||||xx |||||||||||||| ||und||
100
_a
Gupta Sl&Amp;Gupta S
245
0
_a
Iit Physics Guide
260
_b
Jaiprakash Nath &co
_c
1985
300
_a
606p
650
_a
Physics
942
_c
REF
999
_c
35523
_d
35523